LEADER 03669nam 22006495 450 001 9910983386903321 005 20251116222219.0 010 $a9783031724947 010 $a3031724941 024 7 $a10.1007/978-3-031-72494-7 035 $a(CKB)37627899600041 035 $a(MiAaPQ)EBC31911826 035 $a(Au-PeEL)EBL31911826 035 $a(OCoLC)1500763455 035 $a(DE-He213)978-3-031-72494-7 035 $a(EXLCZ)9937627899600041 100 $a20250219d2025 u| 0 101 0 $aeng 135 $aur||||||||||| 181 $ctxt$2rdacontent 182 $cc$2rdamedia 183 $acr$2rdacarrier 200 10$aHuman-Centred Technology Management for a Sustainable Future $eVolume 2: Technologies for a Sustainable Future, Proceedings of the 33rd IAMOT Conference, Porto, Portugal, 2024 /$fedited by Ricardo Zimmermann, José Coelho Rodrigues, Ana Simoes, Gustavo Dalmarco 205 $a1st ed. 2025. 210 1$aCham :$cSpringer Nature Switzerland :$cImprint: Springer,$d2025. 215 $a1 online resource (744 pages) 225 1 $aSpringer Proceedings in Business and Economics,$x2198-7254 311 08$a9783031724930 311 08$a3031724933 327 $aChapter 1: Robot-based Supermarket ? A sustainable system concept for material supply of mixed-model assembly lines -- Chapter 2: Determinants of Artificial Intelligent adoption in Emerging Economies: Evidence from the Information Technology Industry in Morocco -- Chapter 3: Integration of the organisational capability, service innovation capability and technological capability upgrading: A systematic literature review. 330 $aThis proceedings volume contains selected papers from the 33rd International Association for Management of Technology (IAMOT) Conference, held from July 8-11, 2024, in Porto, Portugal. It is the second volume of a three-volume set of conference proceedings focused on technologies for a sustainable future. The book explores the challenges and opportunities in today's social and business landscapes, delving into innovative and disruptive concepts. With a special emphasis on the role of technologies, it sheds light on how they enable novel approaches to address current issues. The volume demonstrates that, following the principles of Industry 5.0, technologies can go far beyond productivity and economic gains, contributing to the benefit and comfort of human workers. It also elucidates the necessity of adopting a human-centered approach in utilizing technology to adapt production processes to workers' needs, while ensuring that the implementation of new technologies does not infringe upon the fundamental rights of workers. 410 0$aSpringer Proceedings in Business and Economics,$x2198-7254 606 $aTechnological innovations 606 $aSustainability 606 $aBusiness information services 606 $aInnovation and Technology Management 606 $aSustainability 606 $aIT in Business 615 0$aTechnological innovations. 615 0$aSustainability. 615 0$aBusiness information services. 615 14$aInnovation and Technology Management. 615 24$aSustainability. 615 24$aIT in Business. 676 $a658.4062 676 $a658.514 700 $aZimmermann$b Ricardo$01781251 701 $aRodrigues$b José Coelho$01781252 701 $aSimo?es$b Ana$067683 701 $aDalmarco$b Gustavo$01781253 801 0$bMiAaPQ 801 1$bMiAaPQ 801 2$bMiAaPQ 906 $aBOOK 912 $a9910983386903321 996 $aHuman-Centred Technology Management for a Sustainable Future$94306020 997 $aUNINA